000 00536nam a2200193 a 4500
001 1770888360055
003 YourLibrary
005 20260212145936.0
008 260212s2004##################000#0#eng##
020 _a9781403912510
082 0 4 _a330.9410856
_bPEM
100 1 _aPemberton, H.,
_eauthor.
245 1 0 _aPolicy Learning and British Governance in the 1960s :
260 _bPalgrave Macmillan,
_c2004.
300 _a264 pages
650 0 _aPolitical Science.
942 _cENGLISH
040 _aYourLibrary
_beng
_cYourLibrary
999 _c612010
_d612010